000 00336 a2200145 4500
001 169592
020 _a
040 _cMagnum
100 _aNero, Carlos Del
240 1 0 _aPsicologia comportamental do adolescente
_lpor
245 1 0 _aPsicologia comportamental do adolescente
362 0 _a1899
697 _aPSICOLOGIA
942 _cBK
999 _c169592
_d169592